[Event "AUTO-BEG-102"]
[Site "http://www.queenalice.com/game.php?id=375816"]
[Date "2008.3.23"]
[Round "3"]
[White "evasion"]
[Black "aravindkannankara"]
[Result "1-0"]
[WhiteElo "1909"]
[BlackElo "1503"]

1. d4 d5 2. c4 c6 3. Nf3 Nf6 4. Nc3 Bg4 5. e3 g6 6. cxd5 cxd5 7. Be2 Bg7 8. O-O
O-O 9. Bd2 a6 10. h3 Bxf3 11. Bxf3 e6 12. Rc1 Nbd7 13. Ne2 Rc8 14. Qb3 Rc6 15.
Rxc6 bxc6 16. Qa4 Qb6 17. b3 Rc8 18. Rc1 h6 19. Ng3 c5 20. Be2 Ra8 21. Ba5 Qb7
22. dxc5 Ne5 23. c6 Qc8 24. Bc3 1-0

[Event "AUTO-INT-508"]
[Site "http://www.queenalice.com/game.php?id=383786"]
[Date "2008.4.7"]
[Round "2"]
[White "malcon_2006"]
[Black "evasion"]
[Result "0-1"]
[WhiteElo "1594"]
[BlackElo "1913"]

1. e4 c5 2. Qf3 Nc6 3. Bc4 e6 4. Nh3 Ne5 5. Qc3 Nxc4 6. Qxc4 d5 7. Qd3 Nf6 8.
Nc3 Be7 9. Nf4 d4 10. Na4 b5 11. Qxb5+ Bd7 12. Qc4 Nxe4 13. O-O Qc7 14. d3 Nf6
15. b3 e5 16. Nh5 Nxh5 17. Ba3 Rc8 18. c3 O-O 19. cxd4 exd4 20. Rae1 Be6 21. Qc2
Nf6 22. Qd1 Nd5 23. Qf3 Nb6 24. Nxb6 axb6 25. Bc1 Bd6 26. g3 Bh3 27. Re4 Bxf1
28. Kxf1 Qc6 29. Qg4 f5 30. Qh4 fxe4 31. dxe4 Qb5+ 32. Kg2 Qe2 33. Kh3 Qf1+ 34.
Kg4 Qxc1 35. a3 Qxa3 36. f4 Qxb3 37. e5 Qd1+ 38. Kh3 Qf1+ 39. Kg4 Qe2+ 40. Kh3
Bc7 41. g4 Qf3+ 42. Qg3 Rxf4 43. Qxf3 Rxf3+ 44. Kg2 Rcf8 45. h3 Bxe5 0-1

[Event "AUTO-INT-508"]
[Site "http://www.queenalice.com/game.php?id=383787"]
[Date "2008.4.7"]
[Round "2"]
[White "evasion"]
[Black "malcon_2006"]
[Result "1-0"]
[WhiteElo "1898"]
[BlackElo "1537"]

1. d4 b6 2. e4 g6 3. Nf3 d6 4. Bc4 Bg7 5. O-O Nf6 6. Nc3 Qd7 7. Bb5 c6 8. Be2 b5
9. e5 Nh5 10. Ng5 b4 11. e6 fxe6 12. Bxh5 Na6 13. Nce4 d5 14. Ng3 c5 15. Bg4 h5
16. Bxe6 Qd6 17. dxc5 Qxc5 18. Bxd5 Rb8 19. Be3 Qd6 20. Bf7+ Kf8 21. Qf3 Bf6 22.
Bxg6 Rg8 23. N3e4 Qe5 24. Qxh5 Be6 25. Nh7+ Kg7 26. Qh6+ 1-0

[Event "QA-ANNIV-03"]
[Site "http://www.queenalice.com/game.php?id=385465"]
[Date "2008.4.10"]
[Round "6"]
[White "Boeing"]
[Black "evasion"]
[Result "0-1"]
[WhiteElo "1932"]
[BlackElo "1856"]

1. e4 c5 2. c4 Nc6 3. Nf3 e6 4. Be2 Nf6 5. d3 Be7 6. O-O O-O 7. Nc3 d5 8. e5 Ng4
9. cxd5 exd5 10. Re1 Ngxe5 11. Nxe5 Nxe5 12. Bf4 Bf6 13. Bxe5 Bxe5 14. Bf3 Bxc3
15. bxc3 b6 16. c4 Bb7 17. Re5 Qf6 18. Qe1 Rad8 19. cxd5 h6 20. Re7 Bxd5 21.
Bxd5 Rxd5 22. Rd1 a5 23. a4 Rd4 24. Re4 Rfd8 25. Re8+ Kh7 26. Rxd8 Qxd8 27. Rb1
Rxa4 28. Qd1 Rd4 29. Rb3 c4 30. Rb5 Rxd3 31. Qb1 g6 0-1

[Event "Challenge"]
[Site "http://www.queenalice.com/game.php?id=397926"]
[Date "2008.5.4"]
[Round "-"]
[White "lupo1"]
[Black "evasion"]
[Result "0-1"]
[WhiteElo "1793"]
[BlackElo "1886"]

1. d4 Nf6 2. c4 g6 3. Nc3 d5 4. Bf4 Bg7 5. Nb5 Na6 6. e3 c6 7. Nc3 O-O 8. a3 Nc7
9. h3 Ne6 10. Bg3 Ng5 11. f4 Nge4 12. Bh4 Nxc3 13. bxc3 Ne4 14. Rc1 Bf6 15. Bxf6
exf6 16. Nf3 Qe7 17. c5 Ng3 18. Rh2 Qxe3+ 19. Be2 Nxe2 20. Qxe2 Qxc1+ 21. Qd1
Qxc3+ 22. Kf2 Qxa3 23. Nh4 Qb2+ 24. Kg3 Re8 25. Qf3 Qxd4 0-1

[Event "AUTO-OPEN-1132"]
[Site "http://www.queenalice.com/game.php?id=403029"]
[Date "2008.5.14"]
[Round "1"]
[White "xyz"]
[Black "evasion"]
[Result "1-0"]
[WhiteElo "2127"]
[BlackElo "1841"]

1. Nf3 d5 2. c4 d4 3. g3 c5 4. d3 Nc6 5. Bg2 Nf6 6. O-O e5 7. e3 Be7 8. exd4
exd4 9. Bf4 O-O 10. Ne5 Nxe5 11. Bxe5 Ng4 12. Bf4 Bd6 13. Bxd6 Qxd6 14. Nd2 Qh6
15. Nf3 Re8 16. Qa4 1-0

[Event "AUTO-OPEN-1132"]
[Site "http://www.queenalice.com/game.php?id=403030"]
[Date "2008.5.14"]
[Round "1"]
[White "evasion"]
[Black "xyz"]
[Result "0-1"]
[WhiteElo "1841"]
[BlackElo "2121"]

1. d4 d5 2. c4 e6 3. Nc3 Be7 4. Nf3 Nf6 5. e3 O-O 6. Be2 c5 7. cxd5 exd5 8. O-O
Nc6 9. b3 Re8 10. Bb2 a6 11. Rc1 cxd4 12. Nxd4 Bd6 13. Na4 Ne5 14. Nf3 Nc6 15.
Nc5 Ne4 16. Nxe4 dxe4 0-1

[Event "AUTO-OPEN-1132"]
[Site "http://www.queenalice.com/game.php?id=403049"]
[Date "2008.5.14"]
[Round "1"]
[White "ronyjarod"]
[Black "evasion"]
[Result "1-0"]
[WhiteElo "2346"]
[BlackElo "1956"]

1. e4 c5 2. Nf3 Nc6 3. d4 cxd4 4. Nxd4 Nf6 5. f3 d6 6. Nc3 e5 7. Nb3 Be6 8. Be3
Be7 9. Nd5 O-O 10. Qd2 a5 11. Bb5 a4 12. Bb6 Qc8 13. Bxc6 Nxd5 14. Bxd5 Bxd5 15.
Qxd5 axb3 16. Qxb3 Bg5 17. O-O Qc6 18. Rfd1 Ra6 19. Bf2 Rc8 20. c3 Rca8 21. Rd5
Be7 22. Rb5 Rxa2 23. Rxa2 Rxa2 24. g3 Ra1+ 25. Kg2 Qa6 26. c4 Rc1 27. Rxb7 Bf8
28. Qb5 Qxb5 29. cxb5 Rc2 30. b4 Rb2 31. b6 Rxb4 32. Rd7 g6 33. b7 Rb2 34. Kh3
d5 35. exd5 Bd6 36. Be1 Rb5 37. Bc3 1-0

[Event "AUTO-OPEN-1132"]
[Site "http://www.queenalice.com/game.php?id=403050"]
[Date "2008.5.14"]
[Round "1"]
[White "evasion"]
[Black "ronyjarod"]
[Result "0-1"]
[WhiteElo "1958"]
[BlackElo "2345"]

1. d4 Nf6 2. c4 e6 3. Nc3 Bb4 4. Qc2 c5 5. dxc5 O-O 6. a3 Bxc5 7. Nf3 b6 8. Bg5
Bb7 9. e4 h6 10. Bxf6 Qxf6 11. Rd1 Qg6 12. h4 Qh5 13. Be2 Rd8 14. O-O a5 15. Nb5
Qg4 16. e5 Nc6 17. Nd6 Bxd6 18. exd6 Ne5 19. Qc3 Ng6 20. Rfe1 Nf4 21. Bf1 Nh3+
22. Kh2 Nxf2 23. Rd4 Ne4 24. Kg1 f5 25. Qe3 a4 26. Nd2 e5 27. Rd3 Nc5 28. Rc3
Re8 29. Qf2 Qg6 30. Bd3 e4 31. Bc2 Qxd6 0-1

[Event "AUTO-OPEN-1132"]
[Site "http://www.queenalice.com/game.php?id=403059"]
[Date "2008.5.14"]
[Round "1"]
[White "Mick_Gray"]
[Black "evasion"]
[Result "0-1"]
[WhiteElo "1822"]
[BlackElo "1938"]

1. e4 c5 2. Nf3 Nc6 3. d4 cxd4 4. Nxd4 Nf6 5. Bf4 e5 6. Nxc6 bxc6 7. Bxe5 Nxe4
8. Bd3 Qe7 9. Bxe4 Qxe5 10. Qe2 Be7 11. Nc3 Rb8 12. Rb1 Rxb2 13. Rxb2 Qxc3+ 14.
Qd2 Qxb2 15. O-O O-O 16. g3 Qxa2 17. Re1 Bf6 18. h4 d5 19. Bd3 Ba6 20. Qf4 Bxd3
21. cxd3 Qa6 22. Qf5 Qc8 23. Qf4 a5 24. Qa4 Qc7 25. Kg2 Ra8 26. Rc1 Ra6 27. f4
g6 28. Kh3 h6 29. Qd1 a4 30. Qe2 a3 31. Rc2 Bb2 32. d4 a2 33. Qxa6 a1=Q 34. Rxc6
Qh1+ 35. Kg4 Qd7+ 36. f5 Qxf5# 0-1

[Event "AUTO-OPEN-1132"]
[Site "http://www.queenalice.com/game.php?id=403060"]
[Date "2008.5.14"]
[Round "1"]
[White "evasion"]
[Black "Mick_Gray"]
[Result "1-0"]
[WhiteElo "1926"]
[BlackElo "1834"]

1. d4 e5 2. dxe5 Nc6 3. Nf3 Qe7 4. Qd5 f6 5. Nc3 Nb4 6. Qb3 fxe5 7. Bg5 Nf6 8.
O-O-O b6 9. e4 Bb7 10. a3 Nc6 11. Nd5 Na5 12. Qa4 Bc6 13. Qxc6 dxc6 14. Nxe7
Bxe7 15. Bd3 O-O 16. b4 Nb7 17. Nxe5 c5 18. c3 cxb4 19. cxb4 h6 20. Bc4+ Kh7 21.
Bxf6 Rxf6 22. Bd5 Rb8 23. Nd7 Nd8 24. Nxb8 Ne6 25. Nd7 Rxf2 26. Bxe6 1-0

[Event "AUTO-ADV-910"]
[Site "http://www.queenalice.com/game.php?id=403875"]
[Date "2008.5.16"]
[Round "1"]
[White "evasion"]
[Black "palaciorep"]
[Result "0-1"]
[WhiteElo "1856"]
[BlackElo "1878"]

1. d4 d5 2. c4 Nf6 3. Nc3 e6 4. Bg5 Be7 5. e3 O-O 6. Nf3 c6 7. Bd3 dxc4 8. Bxc4
h6 9. Bxf6 Bxf6 10. Ne4 Qe7 11. O-O Nd7 12. Rc1 Nb6 13. Nxf6+ Qxf6 14. Bd3 Nd7
15. Re1 Re8 16. Qc2 Nb6 17. e4 Qe7 18. Qd2 Rd8 19. Qc3 Nd7 20. e5 Nb6 21. Bb1
Nd5 22. Qc2 g6 23. a3 Qf8 0-1

[Event "AUTO-ADV-910"]
[Site "http://www.queenalice.com/game.php?id=403876"]
[Date "2008.5.16"]
[Round "1"]
[White "palaciorep"]
[Black "evasion"]
[Result "1-0"]
[WhiteElo "1862"]
[BlackElo "1872"]

1. e4 c5 2. Nf3 Nc6 3. Nc3 Nf6 4. Bc4 e6 5. a3 d5 6. exd5 exd5 7. Bb5 d4 8.
Bxc6+ bxc6 9. Ne2 Bd6 10. O-O Bg4 11. Ng3 O-O 12. h3 Bd7 13. d3 Rb8 14. b3 Qc7
15. Bg5 Nd5 16. Ne4 Rfe8 17. Nxd6 Qxd6 18. Re1 f6 19. Bh4 Nc3 20. Rxe8+ Rxe8 21.
Qf1 Re2 22. Bg3 1-0

[Event "AUTO-ADV-910"]
[Site "http://www.queenalice.com/game.php?id=403877"]
[Date "2008.5.16"]
[Round "1"]
[White "evasion"]
[Black "KobeB"]
[Result "1-0"]
[WhiteElo "1916"]
[BlackElo "1767"]

1. d4 d5 2. c4 e6 3. Nc3 Nf6 4. Bg5 Be7 5. Nf3 h6 6. Bh4 O-O 7. e3 Nc6 8. Be2 a6
9. cxd5 exd5 10. O-O g5 11. Bg3 Ne4 12. Nxe4 dxe4 13. Ne5 f5 14. Nxc6 bxc6 15.
Bc4+ Kh7 16. Be5 Bd6 17. f3 Bxe5 18. dxe5 Qe7 19. fxe4 Qxe5 20. Qd4 Qd6 21. Rad1
fxe4 22. Qxe4+ Bf5 23. Rxf5 Qxd1+ 24. Rf1+ 1-0

[Event "AUTO-ADV-910"]
[Site "http://www.queenalice.com/game.php?id=403878"]
[Date "2008.5.16"]
[Round "1"]
[White "KobeB"]
[Black "evasion"]
[Result "1-0"]
[WhiteElo "1779"]
[BlackElo "1893"]

1. e4 c5 2. Nf3 Nc6 3. Bb5 e6 4. O-O Nf6 5. d3 Be7 6. Nc3 O-O 7. Re1 d6 8. Bg5
Ne5 9. Nxe5 dxe5 10. a3 a6 11. Ba4 b5 12. Bb3 Bb7 13. h4 h6 14. Be3 Nd7 15. g3
Rc8 16. Qg4 Nf6 17. Qf3 Qd6 18. g4 Nxe4 19. dxe4 c4 20. Ba2 Bxh4 21. Kg2 f5 22.
gxf5 exf5 23. Rh1 Be7 24. Nd5 Bxd5 25. exd5 f4 26. Bd2 Qg6+ 27. Kf1 Qxc2 28. Bc3
Bd6 29. Bb1 e4 30. Qxe4 Qxe4 31. Bxe4 f3 32. Rg1 Rc7 33. Rg6 1-0

[Event "QA-ANNIV-03"]
[Site "http://www.queenalice.com/game.php?id=413667"]
[Date "2008.6.5"]
[Round "7"]
[White "evasion"]
[Black "sidra"]
[Result "1-0"]
[WhiteElo "1949"]
[BlackElo "1773"]

1. d4 d5 2. c4 dxc4 3. Nf3 b5 4. Nc3 c6 5. a4 Bd7 6. e4 e6 7. Be2 h6 8. Bf4 Bb4
9. O-O Bxc3 10. bxc3 Nf6 11. Qd2 Nxe4 12. Qe3 Nf6 13. Bd6 Nd5 14. Qd2 a6 15. Ne5
Nf6 16. Qf4 g6 17. axb5 cxb5 18. Qf3 Ra7 19. Rfb1 Rh7 20. Bxb8 Qxb8 21. Qxf6 Qc7
22. Nxg6 fxg6 23. Qxg6+ Rf7 24. Bh5 Bc8 25. Qg8+ Kd7 26. Qxf7+ Kd6 27. Qxc7+
Rxc7 28. Re1 Rg7 29. Kf1 Rg5 30. Bf3 Rg6 31. Re2 Kc7 32. Rae1 Kd6 33. Re5 Bd7
34. Ra1 Bc8 35. Rc5 Kd7 36. Bc6+ Kd8 37. Bxb5 axb5 38. Ra8 Kd7 39. Raxc8 Rg5 40.
Rxg5 hxg5 41. Rg8 b4 42. cxb4 c3 43. Rxg5 c2 44. Rc5 Kd6 45. Rxc2 Kd5 46. b5
Kxd4 47. b6 Kd3 48. Rc7 1-0